000 00928nas a2200301 4500
001 BR0505166
003 BR-BrBNA
005 20231205105713.0
007 ta
008 230509b bl.|||p| |||| 00| 00por d
040 _aBR-BrBNA
_bpor
_cBiblioteca Nacional de Agricultura
041 _a(Pt)
072 _aQ04
100 1 _aRodrigues, A.E.
100 1 _aSilva, E.M.S. da
100 1 _aBeserra, E.M.F.
100 1 _aRodrigues, M.L.
245 1 _aAnálise físico-química dos méis das abelhas Apis mellifera e Melipona scutellais produzidos em duas regiões no Estado da Paraíba
650 _aAPIS MELLIFERA
650 _aABELHA
650 _aMEL
650 _aANÁLISE FÍSICA
650 _aANÁLISE QUÍMICA
650 _aPARAÍBA
773 0 _tCiência Rural (Brazil)
_xISSN 0103-8478
_g(Sep-Oct 2005), v. 35(5) p. 1166-117
_wBR0505166
909 _a202311
_bLúcia
_c55
_dLúcia Elande
942 _2AGRIS
_n0
_cANA
999 _c184246
_d184246